000 00293nam a22001337a 4500
008 170728b xxu||||| |||| 00| 0 eng d
020 _a9780312441975
041 _aeng
080 _a004
100 _a31
101 _aSHKI
245 _aTECHNICAL COMMUNICATION
_cMARKEL, M
942 _2udc
_cBK
999 _c22094
_d22094